[Event "Junior Online 4NCL Division 4"]
[Site "online"]
[Date "2021.03.04"]
[EventDate "2021.03.04"]
[Round "4.46"]
[White "Warren, Orla"]
[WhiteElo "1180"]
[WhiteTeam "Farnham Fantasticos"]
[Black "Srinivasan, Gowri"]
[BlackElo "1281"]
[BlackTeam "Edgware Gambits D"]
[Result "0-1"]
[PlyCount "96"]

1. d4 d5 2. Bf4 Nc6 3. e3 Nf6 4. Nf3 Bf5 5. Nbd2 a6 6. c4 dxc4 7. Bxc4 e6 8. Ne5 Nxe5 9. dxe5 Ne4 10. Nxe4 Bxe4 11. O-O Be7 12. Qxd8+ Bxd8 13. Rad1 O-O 14. Bd3 Bc6 15. e4 f5 16. exf5 Rxf5 17. Bxf5 exf5 18. e6 Bf6 19. Bxc7 Re8 20. Rfe1 Bxb2 21. e7 Bf6 22. Bd6 Kf7 23. Be5 h5 24. Bxf6 Kxf6 25. Rd2 g5 26. Rde2 g4 27. Re6+ Kf7 28. h3 gxh3 29. gxh3 Rg8+ 30. Kf1 Bb5+ 31. R1e2 Bxe2+ 32. Kxe2 Kxe6 33. e8=Q+ Rxe8 34. Kd3 Rd8+ 35. Kc4 Rd2 36. a4 Rxf2 37. Kc5 Kd7 38. Kb6 Kc8 39. a5 Rb2+ 40. Ka7 Kc7 41. h4 Rb5 42. Ka8 Rxa5 43. Ka7 b5 44. Ka8 b4 45. Ka7 b3 46. Ka8 b2 47. Ka7 b1=Q 48. Ka8 Qb8# 0-1

[Event "Junior Online 4NCL Division 4"]
[Site "online"]
[Date "2021.03.04"]
[EventDate "2021.03.04"]
[Round "4.47"]
[White "Barbier-Ramaiah, Rohan Theo"]
[WhiteElo "1218"]
[WhiteTeam "Edgware Gambits D"]
[Black "Warnock, Oliver"]
[BlackElo "1143"]
[BlackTeam "Farnham Fantasticos"]
[Result "0-1"]
[PlyCount "114"]

1. d4 Nf6 2. c4 g6 3. Nc3 Bg7 4. e4 d6 5. Nf3 Nbd7 6. Be2 O-O 7. O-O Re8 8. Re1 e5 9. d5 c6 10. dxc6 bxc6 11. Qxd6 Re6 12. Qd1 c5 13. Ng5 Rb6 14. Nf3 Bb7 15. b3 Nxe4 16. Nxe4 Bxe4 17. Bf1 Bf5 18. Bb2 Qe7 19. Nxe5 Nxe5 20. f4 Rd8 21. Qc1 Bh6 22. Rxe5 Qd6 23. Rd5 Qc7 24. Be5 Qe7 25. Rxc5 Qxc5+ 26. Kh1 Rb7 27. Bb2 Rbd7 28. Be2 Qc7 29. Be5 Qc5 30. Bb2 Rd2 31. Ba3 Qe3 32. Bf3 Bxf4 33. Bb4 Rc2 34. Qxe3 Bxe3 35. Re1 Rc1 36. Rxc1 Bxc1 37. h3 Bf4 38. Kg1 Bg3 39. Bc5 Rd2 40. Bxa7 Rxa2 41. Be3 Ra3 42. c5 Rxb3 43. Kf1 Rxe3 44. Be2 Kf8 45. c6 Ke7 46. c7 Kd7 47. c8=Q+ Kxc8 48. h4 Bxh4 49. g4 Be4 50. g5 Bxg5 51. Kf2 h5 52. Ba6+ Kc7 53. Bc4 h4 54. Bxf7 h3 55. Be6 h2 56. Bd7 h1=Q 57. Bg4 Qg2# 0-1

[Event "Junior Online 4NCL Division 4"]
[Site "online"]
[Date "2021.03.04"]
[EventDate "2021.03.04"]
[Round "4.48"]
[White "Lumsden, Emmanuel"]
[WhiteElo "1060"]
[WhiteTeam "Farnham Fantasticos"]
[Black "Kataria, Dhairya"]
[BlackElo "1298"]
[BlackTeam "Edgware Gambits D"]
[Result "0-1"]
[PlyCount "60"]

1. e4 c6 2. d4 d5 3. f3 e6 4. Nc3 c5 5. Nge2 cxd4 6. Qxd4 Nc6 7. Qf2 Bd7 8. Be3 Be7 9. Nf4 Nf6 10. Bd3 Bd6 11. O-O Qc7 12. Nce2 O-O 13. Bb5 e5 14. Nxd5 Nxd5 15. exd5 Nd4 16. Bxd7 Nxe2+ 17. Qxe2 Qxd7 18. Rad1 Qc7 19. g3 f5 20. c4 f4 21. gxf4 exf4 22. Bd2 Rae8 23. Qd3 Bc5+ 24. Kh1 Be3 25. Bxe3 fxe3 26. Rg1 Qf4 27. Qc3 Qxf3+ 28. Rg2 g6 29. Kg1 e2 30. Re1 Qf1+ 0-1

[Event "Junior Online 4NCL Division 4"]
[Site "online"]
[Date "2021.03.04"]
[EventDate "2021.03.04"]
[Round "4.54"]
[White "Sethia, Aditey"]
[WhiteElo "1100"]
[WhiteTeam "The Hall 2"]
[Black "Beer, James"]
[BlackElo "1275"]
[BlackTeam "Colchester Juniors B"]
[Result "1-0"]
[PlyCount "71"]

1. d4 d5 2. c4 dxc4 3. e4 Nf6 4. Nc3 Be6 5. d5 Bg4 6. f3 Bh5 7. Bxc4 c6 8. Nge2 cxd5 9. exd5 e5 10. O-O Bc5+ 11. Kh1 Na6 12. Bg5 h6 13. Bb5+ Kf8 14. Bh4 g5 15. Bg3 Qe7 16. Bxa6 bxa6 17. a3 e4 18. fxe4 Nxe4 19. Nxe4 Qxe4 20. Nc3 Bxd1 21. Nxe4 Be2 22. Rfe1 Bd4 23. Rxe2 Rb8 24. Bxb8 Ke7 25. Bd6+ Kd7 26. Rc1 Rc8 27. Rxc8 Kxc8 28. Rc2+ Kd7 29. Rc7+ Kd8 30. Nc5 Bxc5 31. Rxc5 Kd7 32. Bb8 Kd8 33. Bxa7 Kd7 34. Ra5 Kd6 35. Rxa6+ Kxd5 36. Rxh6 1-0

[Event "Junior Online 4NCL Division 4"]
[Site "online"]
[Date "2021.03.04"]
[EventDate "2021.03.04"]
[Round "4.57"]
[White "O'Sullivan, Conor"]
[WhiteElo "1115"]
[WhiteTeam "The Hall 2"]
[Black "Granger, Charlotte"]
[BlackElo "1308"]
[BlackTeam "Colchester Juniors B"]
[Result "1-0"]
[PlyCount "119"]

1. e4 e5 2. Nf3 Nc6 3. Nc3 Nf6 4. Bb5 Bc5 5. Nxe5 Nxe5 6. d4 a6 7. dxe5 axb5 8. exf6 Qxf6 9. Be3 Bxe3 10. fxe3 O-O 11. Nd5 Qg5 12. Qd2 Qe5 13. O-O-O Qxe4 14. Nc3 d6 15. Nxe4 Be6 16. Kb1 Bxa2+ 17. Kc1 Bd5 18. Qxd5 Ra1+ 19. Kd2 Raa8 20. g4 Rad8 21. Rdg1 c6 22. Qb3 d5 23. Nc5 b6 24. Na6 c5 25. Nxc5 bxc5 26. Qxb5 c4 27. c3 Rb8 28. Qxd5 Rfd8 29. Qxd8+ Rxd8+ 30. Kc2 Re8 31. b3 cxb3+ 32. Kxb3 Rxe3 33. Ra1 h6 34. g5 hxg5 35. h3 Kh7 36. h4 Kg6 37. h5+ Kf6 38. Rhf1+ Ke7 39. Rae1 Rxe1 40. Rxe1+ Kf6 41. Rh1 g4 42. Rg1 Kf5 43. Kc2 Kf4 44. Kd2 Kf3 45. Ke1 f5 46. c4 f4 47. Kf1 g3 48. c5 Ke3 49. c6 f3 50. Rxg3 Kf4 51. Rxf3+ Kxf3 52. c7 g5 53. c8=Q g4 54. Kg1 Kg3 55. h6 Kf3 56. h7 g3 57. h8=Q Kf4 58. Qd4+ Kf3 59. Qcc3+ Ke2 60. Qdd2# 1-0

[Event "Junior Online 4NCL Division 4"]
[Site "online"]
[Date "2021.03.04"]
[EventDate "2021.03.04"]
[Round "4.58"]
[White "Beer, James"]
[WhiteElo "1275"]
[WhiteTeam "Colchester Juniors B"]
[Black "Sethia, Aditey"]
[BlackElo "1100"]
[BlackTeam "The Hall 2"]
[Result "1-0"]
[PlyCount "71"]

1. e4 c5 2. f4 d6 3. Bc4 Nf6 4. Nc3 g6 5. Nf3 Bg4 6. h3 Bd7 7. Ng5 e6 8. d4 cxd4 9. Qxd4 Nc6 10. Qd3 Bg7 11. Be3 O-O 12. Nb5 a6 13. Nxd6 b5 14. Bb3 h6 15. Ngxf7 Rxf7 16. Nxf7 Kxf7 17. e5 Nh5 18. g4 Ng3 19. Rg1 Qh4 20. Bf2 Qxh3 21. Qxd7+ Ne7 22. Rxg3 Qh1+ 23. Rg1 Qe4+ 24. Kd1 Qf3+ 25. Ke1 Qe4+ 26. Kd2 Qxf4+ 27. Ke2 Qxe5+ 28. Be3 Qh2+ 29. Kd3 Bxb2 30. Rgf1+ Bf6 31. Qxe6+ Ke8 32. Qxf6 Rd8+ 33. Kc3 Qc7+ 34. Kb2 a5 35. Bb6 Nc8 36. Bxc7 1-0

[Event "Junior Online 4NCL Division 4"]
[Site "online"]
[Date "2021.03.04"]
[EventDate "2021.03.04"]
[Round "4.61"]
[White "Gururaj, Rithwik"]
[WhiteElo "1277"]
[WhiteTeam "Leeds Juniors 2"]
[Black "Rowland, Benjamin"]
[BlackElo "1227"]
[BlackTeam "Barnet Knights D"]
[Result "1-0"]
[PlyCount "65"]

1. d4 Nf6 2. c4 g6 3. Nc3 Bg7 4. e4 d6 5. Nf3 O-O 6. Bg5 Nbd7 7. Bd3 e5 8. d5 Nc5 9. O-O a5 10. Be3 Nxd3 11. Qxd3 b6 12. a3 Bg4 13. Nd2 a4 14. f3 Bd7 15. Nb5 Bxb5 16. cxb5 Qd7 17. b3 h6 18. bxa4 Rxa4 19. Rfc1 Ra5 20. a4 Rfa8 21. Qc2 Rc8 22. Nc4 Ra7 23. Nxb6 Qd8 24. Nxc8 Qxc8 25. Bxa7 Qf8 26. Qxc7 Ne8 27. Qc8 Kh7 28. Bf2 Kg8 29. b6 Nf6 30. Qxf8+ Kxf8 31. b7 Nd7 32. a5 Nb8 33. Rc8+ 1-0

[Event "Junior Online 4NCL Division 4"]
[Site "online"]
[Date "2021.03.04"]
[EventDate "2021.03.04"]
[Round "4.62"]
[White "Scott, Jane"]
[WhiteElo "1300"]
[WhiteTeam "Barnet Knights D"]
[Black "Yerabati, Suhrith"]
[BlackElo "1275"]
[BlackTeam "Leeds Juniors 2"]
[Result "1-0"]
[PlyCount "143"]

1. e4 c5 2. Nf3 Nc6 3. d4 cxd4 4. Bc4 d6 5. Nxd4 Nf6 6. Nc3 e5 7. Nb3 Be7 8. O-O O-O 9. Be3 Be6 10. Bxe6 fxe6 11. f4 exf4 12. Bxf4 d5 13. exd5 Nxd5 14. Nxd5 exd5 15. Qg4 Bf6 16. Rf3 Ne5 17. Bxe5 Bxe5 18. Rh3 Bxb2 19. Re1 Qf6 20. Rf3 Qb6+ 21. Kh1 Qc7 22. Ref1 Qe7 23. Qh5 Rxf3 24. Qxf3 Rf8 25. Qxd5+ Kh8 26. Rxf8+ Qxf8 27. h3 Qf1+ 28. Kh2 Qf4+ 29. Kg1 Qc7 30. Qf3 Qb6+ 31. Kh1 Qf6 32. Qxf6 Bxf6 33. Nc5 b6 34. Nd7 Kg8 35. Kg1 Kf7 36. Nxf6 Kxf6 37. Kf2 Kf5 38. Kf3 Kg5 39. Kg3 Kf5 40. Kh4 g6 41. g4+ Kf6 42. Kg3 a5 43. Kf4 g5+ 44. Kg3 b5 45. h4 h6 46. hxg5+ hxg5 47. Kf3 b4 48. Ke4 Ke6 49. Kd4 a4 50. Ke4 Kf6 51. Kd5 a3 52. Ke4 Ke6 53. Kd4 Kd6 54. Ke4 Ke6 55. Kd4 Kd6 56. Kc4 Ke5 57. Kxb4 Kf4 58. c4 Kxg4 59. c5 Kf3 60. c6 g4 61. c7 g3 62. c8=Q g2 63. Qf8+ Ke2 64. Qg7 Kf1 65. Qf6+ Ke2 66. Qg5 Kf1 67. Qf4+ Ke1 68. Qg3+ Kf1 69. Qf3+ Ke1 70. Qxg2 Kd1 71. Kc3 Kc1 72. Qf1# 1-0

[Event "Junior Online 4NCL Division 4"]
[Site "online"]
[Date "2021.03.04"]
[EventDate "2021.03.04"]
[Round "4.63"]
[White "Yerabati, Samiksha"]
[WhiteElo "1201"]
[WhiteTeam "Leeds Juniors 2"]
[Black "Ethelontis, Elena"]
[BlackElo "1231"]
[BlackTeam "Barnet Knights D"]
[Result "1-0"]
[PlyCount "39"]

1. e4 e5 2. Nf3 Nc6 3. Bb5 Nf6 4. d3 Bc5 5. h3 a6 6. Ba4 b5 7. Bb3 O-O 8. Bg5 a5 9. a3 a4 10. Ba2 d6 11. Nc3 Nd4 12. Nd5 h6 13. Nxf6+ gxf6 14. Bxh6 Re8 15. c3 Ne6 16. Nh4 Ng5 17. Qh5 c6 18. Bxg5 fxg5 19. Qxf7+ Kh8 20. Ng6# 1-0

[Event "Junior Online 4NCL Division 4"]
[Site "online"]
[Date "2021.03.04"]
[EventDate "2021.03.04"]
[Round "4.64"]
[White "Vyas, Rayaan"]
[WhiteElo "1217"]
[WhiteTeam "Barnet Knights D"]
[Black "Agrawal, Sahil"]
[BlackElo "1232"]
[BlackTeam "Leeds Juniors 2"]
[Result "0-1"]
[PlyCount "87"]

1. e4 c5 2. Nf3 d6 3. Nc3 Nf6 4. Bc4 g6 5. O-O Nc6 6. a3 Bg7 7. Rb1 a5 8. Bb5 Bd7 9. Re1 O-O 10. d3 Na7 11. Bxd7 Qxd7 12. e5 Ne8 13. exd6 exd6 14. Bf4 b5 15. b4 Bxc3 16. Bh6 Bxe1 17. Bxf8 Bxf2+ 18. Kxf2 Kxf8 19. bxa5 Nc8 20. d4 Qc7 21. dxc5 dxc5 22. Rxb5 Rxa5 23. Qd3 Rxb5 24. Qxb5 Ned6 25. Qb3 c4 26. Qc3 Kg8 27. Ne5 Nb6 28. Qf3 Qc5+ 29. Qe3 Ne4+ 30. Kf3 Qxe3+ 31. Kxe3 Nc5 32. Kd4 Ne6+ 33. Ke4 f5+ 34. Kf3 Nd4+ 35. Ke3 Nxc2+ 36. Kd2 Nxa3 37. Kc3 Nb5+ 38. Kb4 Nd6 39. Kc5 Nbc8 40. Kc6 c3 41. Nd3 Kf7 42. Nb4 Ke6 43. h4 Ne7+ 44. Kc7 0-1

[Event "Junior Online 4NCL Division 4"]
[Site "online"]
[Date "2021.03.04"]
[EventDate "2021.03.04"]
[Round "4.65"]
[White "Rowland, Benjamin"]
[WhiteElo "1227"]
[WhiteTeam "Barnet Knights D"]
[Black "Gururaj, Rithwik"]
[BlackElo "1277"]
[BlackTeam "Leeds Juniors 2"]
[Result "0-1"]
[PlyCount "64"]

1. Nf3 d5 2. g3 Nf6 3. Bg2 Nc6 4. O-O e5 5. d3 Bd6 6. Qe1 Be6 7. Nbd2 O-O 8. e4 d4 9. Ng5 Bg4 10. Bf3 Bxf3 11. Ngxf3 Nd7 12. Nc4 f5 13. Nxd6 cxd6 14. Bg5 Qe8 15. exf5 Rxf5 16. Bd2 Rxf3 17. Qe4 Rf6 18. Rfe1 Qf7 19. Re2 Nc5 20. Qg4 Rf8 21. Rf1 Rg6 22. Qh3 Qf3 23. Rfe1 Rgf6 24. Qf1 Qd5 25. b3 Qf7 26. Bg5 Rf5 27. h4 h6 28. Bd2 Nd7 29. a4 Nf6 30. Qg2 Ng4 31. Rf1 a6 32. Be1 Ne3 0-1

[Event "Junior Online 4NCL Division 4"]
[Site "online"]
[Date "2021.03.04"]
[EventDate "2021.03.04"]
[Round "4.66"]
[White "Yerabati, Suhrith"]
[WhiteElo "1275"]
[WhiteTeam "Leeds Juniors 2"]
[Black "Scott, Jane"]
[BlackElo "1300"]
[BlackTeam "Barnet Knights D"]
[Result "1-0"]
[PlyCount "25"]

1. d4 Nf6 2. Bf4 g6 3. e3 Bg7 4. Nc3 d5 5. h4 O-O 6. h5 Nxh5 7. Rxh5 gxh5 8. Qxh5 Nd7 9. Nxd5 c6 10. Bd3 Re8 11. Qxh7+ Kf8 12. Bh6 e6 13. Bxg7# 1-0

[Event "Junior Online 4NCL Division 4"]
[Site "online"]
[Date "2021.03.04"]
[EventDate "2021.03.04"]
[Round "4.67"]
[White "Ethelontis, Elena"]
[WhiteElo "1231"]
[WhiteTeam "Barnet Knights D"]
[Black "Yerabati, Samiksha"]
[BlackElo "1201"]
[BlackTeam "Leeds Juniors 2"]
[Result "0-1"]
[PlyCount "48"]

1. d4 d5 2. c4 e6 3. Nf3 Nf6 4. Nc3 c5 5. e3 Nc6 6. a3 Bd7 7. Rb1 cxd4 8. exd4 b6 9. b4 Be7 10. Bf4 Ne4 11. Nxe4 dxe4 12. Ne5 Bd6 13. Nxc6 Bxc6 14. Be3 O-O 15. Be2 b5 16. cxb5 Bd5 17. O-O a5 18. bxa5 Qxa5 19. b6 Qxa3 20. b7 Rab8 21. f3 Qxe3+ 22. Kh1 Bxb7 23. Rb3 Qf4 24. fxe4 Qxh2# 0-1

[Event "Junior Online 4NCL Division 4"]
[Site "online"]
[Date "2021.03.04"]
[EventDate "2021.03.04"]
[Round "4.68"]
[White "Agrawal, Sahil"]
[WhiteElo "1232"]
[WhiteTeam "Leeds Juniors 2"]
[Black "Vyas, Rayaan"]
[BlackElo "1217"]
[BlackTeam "Barnet Knights D"]
[Result "1-0"]
[PlyCount "37"]

1. e4 c5 2. Nc3 d6 3. f4 Nf6 4. Nf3 g6 5. Bc4 Bg7 6. O-O O-O 7. d3 Nc6 8. a4 Bd7 9. Nd2 Qa5 10. f5 Nd4 11. g4 b5 12. Bb3 Nxb3 13. Nxb3 Qa6 14. a5 c4 15. Nd4 Ne8 16. Nf3 Qc6 17. Nd5 Qc5+ 18. Be3 Qc7 19. Nxc7 1-0

[Event "Junior Online 4NCL Division 4"]
[Site "online"]
[Date "2021.03.04"]
[EventDate "2021.03.04"]
[Round "4.71"]
[White "Timbrell, Matthew"]
[WhiteElo "1616"]
[WhiteTeam "Somerset Lions"]
[Black "Agbota, Fenu"]
[BlackElo "1300"]
[BlackTeam "JHJ Shark Tank 7"]
[Result "1-0"]
[PlyCount "121"]

1. c4 e5 2. Nc3 Bc5 3. g3 Nf6 4. Bg2 Ng4 5. e3 Nc6 6. Nge2 O-O 7. O-O d6 8. d4 exd4 9. exd4 Bb6 10. h3 Nf6 11. Bg5 h6 12. Be3 Be6 13. d5 Bd7 14. dxc6 Bxc6 15. Bxb6 Bxg2 16. Kxg2 cxb6 17. b3 Qd7 18. Nf4 Qc6+ 19. Nfd5 Nxd5 20. Qxd5 Qd7 21. Nb5 a6 22. Qxd6 Qc6+ 23. Qxc6 bxc6 24. Nd4 c5 25. Nf5 g6 26. Nxh6+ Kh7 27. Ng4 f5 28. Ne3 f4 29. gxf4 Rxf4 30. Nd5 Rf5 31. Rfe1 Rg5+ 32. Kh2 Rf8 33. f4 Rh5 34. Re7+ Kg8 35. Rg1 Rh6 36. Re6 Kg7 37. Rxb6 Rfh8 38. Rb7+ Kf8 39. Rb8+ Kg7 40. Rxh8 Kxh8 41. Ne7 Kg7 42. Rxg6+ Rxg6 43. Nxg6 Kxg6 44. Kg3 a5 45. Kg4 Kf6 46. a4 Kg6 47. h4 Kh6 48. h5 Kh7 49. Kg5 Kg7 50. h6+ Kh7 51. f5 Kh8 52. f6 Kg8 53. Kf5 Kh7 54. Ke6 Kxh6 55. Ke7 Kh7 56. f7 Kg7 57. f8=Q+ Kh7 58. Qf1 Kg7 59. Qg1+ Kh8 60. Kf7 Kh7 61. Qh1# 1-0

[Event "Junior Online 4NCL Division 4"]
[Site "online"]
[Date "2021.03.04"]
[EventDate "2021.03.04"]
[Round "4.72"]
[White "Gamage, Amias"]
[WhiteElo "1300"]
[WhiteTeam "JHJ Shark Tank 7"]
[Black "Keech, Gabriel"]
[BlackElo "1606"]
[BlackTeam "Somerset Lions"]
[Result "0-1"]
[PlyCount "102"]

1. e4 c5 2. f4 e6 3. Nf3 d6 4. Nc3 a6 5. Bc4 b5 6. Be2 Bb7 7. d3 Nd7 8. Be3 Be7 9. Qd2 Qc7 10. Nd1 Ngf6 11. Nf2 c4 12. dxc4 bxc4 13. c3 Nxe4 14. Nxe4 Bxe4 15. Nd4 Bh4+ 16. Bf2 Bxf2+ 17. Kxf2 Nf6 18. Rhf1 Bb7 19. Bf3 Bxf3 20. Nxf3 Ne4+ 21. Kg1 Nxd2 22. Nxd2 Qb6+ 23. Kh1 Qxb2 24. Nxc4 Qxc3 25. Nxd6+ Ke7 26. Ne4 Qd4 27. Ng5 h6 28. Nf3 Qxf4 29. Rab1 Rab8 30. Rbc1 Rhc8 31. Rxc8 Rxc8 32. h3 Qc7 33. Nd4 Rd8 34. Nb3 Qc2 35. Nd4 Rxd4 36. Kh2 Rd2 37. Rg1 Qc7+ 38. Kh1 Rxa2 39. Rf1 Qc2 40. Rg1 Rb2 41. Kh2 a5 42. Kh1 Rb1 43. Kh2 Rxg1 44. Kxg1 a4 45. Kh2 a3 46. Kg3 a2 47. Kh2 a1=R 48. Kg3 Ra3+ 49. Kh2 Qc4 50. Kg1 Qf4 51. Kh1 Ra1# 0-1

[Event "Junior Online 4NCL Division 4"]
[Site "online"]
[Date "2021.03.04"]
[EventDate "2021.03.04"]
[Round "4.73"]
[White "Wang, Andy"]
[WhiteElo "1388"]
[WhiteTeam "Somerset Lions"]
[Black "Nilim, Armaan"]
[BlackElo "1298"]
[BlackTeam "JHJ Shark Tank 7"]
[Result "0-1"]
[PlyCount "45"]

1. d4 c5 2. c3 d5 3. Bf4 Nc6 4. Nf3 e6 5. e3 Bd7 6. Be2 c4 7. b3 b5 8. Nbd2 Ba3 9. Rb1 a5 10. Ne5 Nxe5 11. Bxe5 f6 12. Bg3 Ne7 13. bxc4 bxc4 14. O-O O-O 15. Qc2 Nf5 16. Bf3 Nxg3 17. hxg3 f5 18. g4 Rf6 19. gxf5 Rh6 20. Bg4 Qg5 21. Bh3 Rxh3 22. fxe6 Bxe6 23. Nf3 0-1

[Event "Junior Online 4NCL Division 4"]
[Site "online"]
[Date "2021.03.04"]
[EventDate "2021.03.04"]
[Round "4.74"]
[White "Xu, Tianyou"]
[WhiteElo "1280"]
[WhiteTeam "JHJ Shark Tank 7"]
[Black "Zeng, Jonathan"]
[BlackElo "1383"]
[BlackTeam "Somerset Lions"]
[Result "0-1"]
[PlyCount "68"]

1. d4 d5 2. Bf4 Nf6 3. e3 Nc6 4. Nf3 Bg4 5. Nbd2 e6 6. c4 Bb4 7. Be2 dxc4 8. Bxc4 Ne4 9. Qc2 Bxf3 10. gxf3 Nxd2 11. Ke2 Nxd4+ 12. exd4 Qxd4 13. Bxd2 Bxd2 14. Rad1 O-O-O 15. Rxd2 Qe5+ 16. Kd1 Qf4 17. Kc1 Rxd2 18. Qxd2 Qxc4+ 19. Kb1 Rd8 20. Qe3 b6 21. Rc1 Qb5 22. Qc3 c5 23. Qa3 Rd2 24. Qc3 Rxf2 25. Qxg7 Rxh2 26. Qh8+ Kb7 27. Qe5 Re2 28. Qf6 e5 29. Qxf7+ Ka6 30. b3 Qd3+ 31. Ka1 Qd2 32. Qc4+ b5 33. Qe6+ Ka5 34. Qf5 Qxa2# 0-1

[Event "Junior Online 4NCL Division 4"]
[Site "online"]
[Date "2021.03.04"]
[EventDate "2021.03.04"]
[Round "4.75"]
[White "Agbota, Fenu"]
[WhiteElo "1300"]
[WhiteTeam "JHJ Shark Tank 7"]
[Black "Timbrell, Matthew"]
[BlackElo "1616"]
[BlackTeam "Somerset Lions"]
[Result "0-1"]
[PlyCount "102"]

1. e4 c6 2. d4 d5 3. Nc3 dxe4 4. Nxe4 Bf5 5. Ng3 Bg6 6. Nf3 Nd7 7. Bd3 Bxd3 8. Qxd3 Ngf6 9. O-O e6 10. Bg5 Be7 11. Ne5 Nxe5 12. dxe5 Qxd3 13. cxd3 Nd5 14. Bd2 O-O-O 15. Ba5 b6 16. Bc3 Nxc3 17. bxc3 Rxd3 18. Rac1 Rhd8 19. Ne4 Kc7 20. c4 R8d4 21. Ng3 Rd2 22. Rfe1 Rxa2 23. Re4 Rxe4 24. Nxe4 Re2 25. Ng3 Rxe5 26. f4 Re3 27. Nf1 Re4 28. g3 Bc5+ 29. Kg2 Re2+ 30. Kh3 e5 31. fxe5 Rxe5 32. Kg4 f6 33. h4 Bd4 34. Nh2 c5 35. Nf3 h5+ 36. Kh3 Re4 37. Re1 Rxe1 38. Nxe1 a5 39. Nc2 a4 40. Kg2 Bb2 41. Kf2 a3 42. Nxa3 Bxa3 43. Kf3 g6 44. Kf4 Kd6 45. g4 hxg4 46. Kxg4 Bc1 47. Kh3 Ke5 48. Kg4 Kd4 49. h5 gxh5+ 50. Kxh5 Kxc4 51. Kg6 b5 0-1

[Event "Junior Online 4NCL Division 4"]
[Site "online"]
[Date "2021.03.04"]
[EventDate "2021.03.04"]
[Round "4.76"]
[White "Keech, Gabriel"]
[WhiteElo "1606"]
[WhiteTeam "Somerset Lions"]
[Black "Gamage, Amias"]
[BlackElo "1300"]
[BlackTeam "JHJ Shark Tank 7"]
[Result "1-0"]
[PlyCount "113"]

1. c4 e5 2. g3 Bc5 3. Bg2 d6 4. e3 Nc6 5. Ne2 Nf6 6. Nbc3 Be6 7. d3 Qd7 8. O-O O-O 9. a3 Bh3 10. b4 Bxb4 11. axb4 Nxb4 12. Rb1 Nc6 13. Bb2 Ne8 14. Re1 Qg4 15. Nc1 Qe6 16. Ne4 Qh6 17. Qf3 f5 18. Nd2 Nf6 19. Bxh3 Qxh3 20. Qg2 Qh6 21. Ne2 Ng4 22. h3 Nf6 23. d4 e4 24. d5 Ne5 25. Nf4 Nfg4 26. hxg4 Nxg4 27. Qh3 Qg5 28. Qh4 Qxh4 29. gxh4 Rf6 30. Bxf6 Nxf6 31. Rxb7 Ng4 32. Reb1 h6 33. Rb8+ Rxb8 34. Rxb8+ Kf7 35. Rb7 Kf6 36. Rxa7 g5 37. hxg5+ hxg5 38. Nh5+ Kg6 39. Ng3 f4 40. exf4 gxf4 41. Ngxe4 Kf5 42. Rxc7 f3 43. Rf7+ Kg6 44. Rxf3 Ne5 45. Rf6+ Kg7 46. Rxd6 Nf7 47. Rd7 Kf8 48. Rxf7+ Kxf7 49. d6 Ke8 50. c5 Kd7 51. Nf6+ Kc6 52. d7 Kxc5 53. d8=Q Kb4 54. Qc7 Kb5 55. Qc4+ Kb6 56. Nd7+ Ka5 57. Nb3# 1-0

[Event "Junior Online 4NCL Division 4"]
[Site "online"]
[Date "2021.03.04"]
[EventDate "2021.03.04"]
[Round "4.77"]
[White "Nilim, Armaan"]
[WhiteElo "1298"]
[WhiteTeam "JHJ Shark Tank 7"]
[Black "Wang, Andy"]
[BlackElo "1388"]
[BlackTeam "Somerset Lions"]
[Result "0-1"]
[PlyCount "150"]

1. d4 d5 2. Nc3 Nf6 3. Bf4 a6 4. e4 dxe4 5. Bc4 Nc6 6. d5 Nb8 7. d6 cxd6 8. Nd5 Nc6 9. Nxf6+ gxf6 10. Qd5 Qa5+ 11. Bd2 Qxd5 12. Bxd5 Nd4 13. O-O-O Nc6 14. Bxe4 Bd7 15. Nf3 Rc8 16. Kb1 Rg8 17. Ne1 h6 18. g3 f5 19. Bg2 Bg7 20. Nd3 Rc7 21. Rhe1 Be6 22. Nf4 Kd7 23. Bd5 Be5 24. h4 Nd4 25. Bc3 Bxf4 26. gxf4 Nb5 27. Ba5 Rc5 28. Bxe6+ fxe6 29. Bb4 Rc6 30. Re2 Rg4 31. a4 Rc4 32. c3 Nc7 33. Red2 Nd5 34. Ba3 Rxa4 35. Kc2 Raxf4 36. f3 Ne3+ 37. Kc1 Nxd1 38. Kxd1 Rg1+ 39. Kc2 Rxf3 40. Bc5 Re1 41. Bf2 Rf1 42. Bd4 Rf4 43. Be3 Rxh4 44. Kb3 Re1 45. Bf2 Ree4 46. Bxh4 Rxh4 47. c4 Rh3+ 48. Kb4 Re3 49. Ka5 Kc7 50. Rc2 Re5+ 51. Kb4 b6 52. Ka4 Re4 53. Kb4 d5 54. Kb3 Rxc4 55. Re2 Re4 56. Rc2+ Kd7 57. Rc3 f4 58. Rh3 Re3+ 59. Rxe3 fxe3 60. Kc3 h5 61. Kd3 h4 62. Kxe3 h3 63. Kf3 d4 64. Kg3 d3 65. Kf2 h2 66. Kg2 d2 67. Kxh2 d1=Q 68. b4 Qf3 69. b5 axb5 70. Kg1 Qe2 71. Kh1 Kd6 72. Kg1 b4 73. Kh1 b3 74. Kg1 b2 75. Kh1 b1=Q# 0-1

[Event "Junior Online 4NCL Division 4"]
[Site "online"]
[Date "2021.03.04"]
[EventDate "2021.03.04"]
[Round "4.78"]
[White "Zeng, Jonathan"]
[WhiteElo "1383"]
[WhiteTeam "Somerset Lions"]
[Black "Xu, Tianyou"]
[BlackElo "1280"]
[BlackTeam "JHJ Shark Tank 7"]
[Result "0-1"]
[PlyCount "78"]

1. e4 e5 2. Nf3 Nc6 3. Bc4 Bc5 4. c3 Nf6 5. d4 exd4 6. cxd4 Bb4+ 7. Bd2 Bxd2+ 8. Nbxd2 d6 9. O-O Bg4 10. h3 Bh5 11. Qb3 O-O 12. d5 Ne5 13. Nxe5 dxe5 14. Rac1 b6 15. Bb5 Qd6 16. Rc6 Qd8 17. Qc3 Rc8 18. Qxe5 Re8 19. Qg3 Bg6 20. f3 Re7 21. Re1 Nh5 22. Qh4 f6 23. a3 Be8 24. Rcc1 Bxb5 25. Qxh5 Re5 26. Qg4 Bd7 27. Qf4 Rg5 28. Nb3 Bxh3 29. Qh2 Rxg2+ 30. Qxg2 Bxg2 31. Kxg2 Qe8 32. Nd4 Qe5 33. Nc6 Qxb2+ 34. Kg1 Qxa3 35. Ra1 Qd6 36. Kg2 Re8 37. Rxa7 h6 38. Rc1 f5 39. e5 Qxd5 0-1

[Event "Junior Online 4NCL Division 4"]
[Site "online"]
[Date "2021.03.04"]
[EventDate "2021.03.04"]
[Round "4.81"]
[White "Popat, Imara"]
[WhiteElo "1137"]
[WhiteTeam "Edgware Gambits F"]
[Black "Spitz, Danny"]
[BlackElo "1107"]
[BlackTeam "Coldfall Bishops"]
[Result "0-1"]
[PlyCount "120"]

1. e4 c6 2. d4 d5 3. Nc3 dxe4 4. Nxe4 Bf5 5. Nc5 Qb6 6. Bc4 Qb4+ 7. Bd2 Qxc4 8. Bc3 Nf6 9. Nf3 Be4 10. Ne5 Qd5 11. f3 Bg6 12. O-O e6 13. Nxb7 c5 14. dxc5 Qxb7 15. Qd4 Nc6 16. Qa4 Bxc5+ 17. Kh1 Rc8 18. Rg1 Bxg1 19. Kxg1 O-O 20. Nxc6 Qxc6 21. Qxa7 Qc5+ 22. Qxc5 Rxc5 23. a4 Bxc2 24. b4 Rxc3 25. b5 Rb8 26. a5 Rxb5 27. a6 Rb1+ 28. Rxb1 Bxb1 29. a7 Ra3 30. a8=Q+ Rxa8 31. Kf2 Kf8 32. Kg3 Ke7 33. h4 Ra2 34. Kh3 Bf5+ 35. g4 Bd3 36. g5 Bf1+ 37. Kg3 Nh5+ 38. Kg4 Ra4+ 39. f4 Be2+ 40. Kh3 Nxf4+ 41. Kh2 Ra3 42. Kg1 Rg3+ 43. Kf2 Rf3+ 44. Ke1 Bb5 45. g6 hxg6 46. h5 Ng2+ 47. Kd2 gxh5 48. Kd1 h4 49. Kd2 h3 50. Kd1 h2 51. Kc2 h1=Q 52. Kd2 Qe1+ 53. Kc2 Ne3+ 54. Kb2 Rf2+ 55. Kb3 Qb1+ 56. Kc3 Rc2+ 57. Kd4 Qd1+ 58. Kxe3 Re2+ 59. Kf4 Qf1+ 60. Kg3 Rg2+ 0-1

[Event "Junior Online 4NCL Division 4"]
[Site "online"]
[Date "2021.03.04"]
[EventDate "2021.03.04"]
[Round "4.82"]
[White "Haga, Xander"]
[WhiteElo "1063"]
[WhiteTeam "Coldfall Bishops"]
[Black "Patel, Amya Hetal"]
[BlackElo "1167"]
[BlackTeam "Edgware Gambits F"]
[Result "0-1"]
[PlyCount "58"]

1. f4 e6 2. g3 d5 3. Bg2 Bc5 4. Nf3 Nc6 5. d4 Be7 6. O-O Bd7 7. Nc3 Nf6 8. e3 Bb4 9. Bd2 O-O 10. a3 Bxc3 11. Bxc3 Qe7 12. Ne5 Nxe5 13. fxe5 Ne4 14. Bxe4 dxe4 15. Bb4 Qg5 16. Bxf8 Rxf8 17. Qe2 Be8 18. Rf4 f6 19. Rxe4 Bh5 20. Qe1 f5 21. Rf4 Qh6 22. e4 g5 23. Rf1 fxe4 24. Rxf8+ Qxf8 25. Qxe4 Bf3 26. Qe3 Qf5 27. Rf1 g4 28. h3 Qxc2 29. hxg4 Qg2# 0-1

[Event "Junior Online 4NCL Division 4"]
[Site "online"]
[Date "2021.03.04"]
[EventDate "2021.03.04"]
[Round "4.83"]
[White "Patel, Rohan"]
[WhiteElo "1140"]
[WhiteTeam "Edgware Gambits F"]
[Black "Haga, Viktor"]
[BlackElo "1056"]
[BlackTeam "Coldfall Bishops"]
[Result "0-1"]
[PlyCount "52"]

1. e4 c5 2. Nf3 Nc6 3. Bc4 e6 4. d3 Nf6 5. Be3 Be7 6. O-O O-O 7. Nc3 d5 8. exd5 exd5 9. Nxd5 Nxd5 10. Bd2 Be6 11. Ng5 Bxg5 12. Bxg5 Qxg5 13. g3 Nc7 14. Bxe6 Nxe6 15. Re1 Ncd4 16. Re3 Qh6 17. c3 Nf5 18. Rf3 g6 19. Rb1 Ng5 20. Rf4 Nh3+ 21. Kf1 Nxf4 22. gxf4 Qxh2 23. Ke2 Ng3+ 24. Ke3 Nf5+ 25. Ke4 Rfe8+ 26. Kf3 Qh3# 0-1